| 000 | 00390nam a2200169Ia 4500 | ||
|---|---|---|---|
| 008 | 240822s9999 xx 000 0 und d | ||
| 020 |
_a9789350026168 _qhbk |
||
| 082 |
_a322.42092 _bKHA |
||
| 100 | _aKhan | ||
| 245 | 0 | _aAnnouncing The Monster | |
| 245 | 0 | _c/ Khan | |
| 250 | _a1st edition | ||
| 260 |
_bAakar Books _c2019 |
||
| 300 | _a200 | ||
| 650 | _aPolitics | ||
| 942 | _cENGLISH | ||
| 999 |
_c533095 _d533095 |
||